Jaký domek si vybereme

Guardado en:
Detalles Bibliográficos
Autores principales: Fess, M. (Autor), Došla, N. (Autor), Skoták, A. (Autor)
Formato: Libro
Lenguaje:checo
Publicado: Praha : SNTL, 1981
Edición:2.vyd.
Etiquetas: Agregar Etiqueta
Sin Etiquetas, Sea el primero en etiquetar este registro!

MARC

LEADER 00000nam a22000003a 4500
001 stu81662
005 20150617225638.1
008 030826s1981----cs------------------cze-d
040 |a STU  |b slo 
041 0 |a cze 
044 |a cs 
080 |a 728.3 
100 1 |a Fess, M.  |4 aut 
245 1 |a Jaký domek si vybereme 
250 |a 2.vyd. 
260 |a Praha :  |b SNTL,  |c 1981 
300 |a 205 s 
700 1 |a Došla, N.  |4 aut 
700 1 |a Skoták, A.  |4 aut 
996 |b 284V025687  |c V*33186/O-13473  |l VVS  |s A  |a 24  |w stu81662_0002 
996 |b 284V025688  |c V*33187/O-13473a  |l VVS  |s A  |a 24  |w stu81662_0004 
996 |b 284V035729  |c V*19730/O-7605  |l VVS  |s A  |a 24  |w stu81662_0005 
996 |b 284V035728  |c V*19731/O-7605a  |l VVS  |s A  |a 24  |w stu81662_0006